00837nam a22001577a 4500008004100000020001700041050001600058100002600074245009500100260003400195300003200229500002000261505036200281650001500643700002100658120410t xxu||||| |||| 00| 0 eng d a978007336947 aHB171.5.M47 aMcConnell, Cambell R. aEconomics: principles, problems and policies /c Cambell R. McConnell and Stanley L. Brue aBoston:bMcGraw- Hill,c2008. axxvii, 716 p.:bill,;c29cm aIncludes index. aContents: Introduction to economics and the economy -- Marcoeconomics models and fiscal policy -- Money, banking and monetary policy -- Long-run perspectives and macroeconomic debates -- Microeconomics of product markets -- Microeconomics of resource markets -- Microeconomics of government -- Microeconomics issues and policies -- International economics. 2Economics. a Brue stanley L.